000 00697nam a2200289Ia 4500
005 20260324141504.0
008 008 260324s9999 xx 000 0 eng d
020 _a9780203044360
037 _aEBOOK
040 _aCRL
040 _beng
040 _cCRL
041 _2eng
041 _aeng
084 _qCRL
100 _aCharlie Jeffery
_91208383
245 4 _aThe Regional Dimension of the European Union
245 0 _bTowards a Third Level in Europe?
260 _bTaylor and Francis
260 _c1997
365 _a
365 _b150
856 _uhttp://www.taylorfrancis.com/books/9780203044360
942 _cEBOOK
999 _c1811531
_d1811531